A reader in international corporate finance (Record no. 79963)

MARC details
000 -LEADER
fixed length control field 00969nam a2200229 a 4500
008 - FIXED-LENGTH DATA ELEMENTS--GENERAL INFORMATION
fixed length control field 061019s2006 ||||||||||||||||| || u
020 ## - INTERNATIONAL STANDARD BOOK NUMBER
International Standard Book Number 9780821366981
050 ## - LIBRARY OF CONGRESS CALL NUMBER
Classification number HG 4026 Rea
100 ## - MAIN ENTRY--PERSONAL NAME
Personal name Claessens, Stijn
245 12 - TITLE STATEMENT
Title A reader in international corporate finance
Statement of responsibility, etc. edited by Stijn Claessens and Luc Laeven
260 ## - PUBLICATION, DISTRIBUTION, ETC.
Place of publication, distribution, etc. Washington, D.C.:
Name of publisher, distributor, etc. World Bank
Date of publication, distribution, etc. 2006
300 ## - PHYSICAL DESCRIPTION
Extent xix, various pagings; ill.
350 ## -
-- 0.00
500 ## - GENERAL NOTE
General note Vol. 1 & 2
650 ## - SUBJECT ADDED ENTRY--TOPICAL TERM
Topical term or geographic name entry element CORPORATIONS--FINANCE
650 #0 - SUBJECT ADDED ENTRY--TOPICAL TERM
Topical term or geographic name entry element FINANCE--DEVELOPING COUNTRIES
650 ## - SUBJECT ADDED ENTRY--TOPICAL TERM
Topical term or geographic name entry element INTERNATIONAL FINANCE
700 ## - ADDED ENTRY--PERSONAL NAME
Personal name Laeven, Luc
710 ## - ADDED ENTRY--CORPORATE NAME
Corporate name or jurisdiction name as entry element World Bank
995 ## -
-- MAIN LIBRARY OPEN ACCESS
-- 0.00
-- 52815
-- CBU-MAIN LIBRARY (Kitwe)
-- 1
-- 0.00
-- HG 4026 Rea
-- 2
-- AVAILABLE
-- Oct 19, 2006
-- 52815
-- Main Library Open Access Collection
995 ## -
-- MAIN LIBRARY OPEN ACCESS
-- 0.00
-- 52817
-- CBU-MAIN LIBRARY (Kitwe)
-- 1
-- 0.00
-- HG 4026 Rea
-- 1
-- AVAILABLE
-- Oct 19, 2006
-- 52817
-- Main Library Open Access Collection
999 ## -
-- 79963
-- 79963
Holdings
Withdrawn status Lost status Source of classification or shelving scheme Damaged status Not for loan Permanent Location Current Location Shelving location Date acquired Total Checkouts Full call number Barcode Date last seen Copy number Price effective from Koha item type
          CBU-MAIN LIBRARY, KITWE. CBU-MAIN LIBRARY, KITWE.   06/29/2023   HG 4026 Rea 52815 06/29/2023 1 06/29/2023 MONOGRAPH
          CBU-MAIN LIBRARY, KITWE. CBU-MAIN LIBRARY, KITWE.   06/29/2023   HG 4026 Rea 52817 06/29/2023 2 06/29/2023 MONOGRAPH